[Event "Rio de Janeiro Sartori Memorial 2nd"]
[Site "Rio de Janeiro"]
[Date "2018.07.10"]
[Round "4"]
[White "Barros, Jose Claide Teixeir"]
[Black "Pereira, Emmanuel"]
[Result "0-1"]
[WhiteElo "1620"]
[BlackElo "1681"]
[PlyCount "80"]
[EventDate "2018.06.19"]
[EventType "swiss"]
[EventRounds "6"]
[EventCountry "BRA"]
[SourceTitle "EXT 2019"]
[Source "ChessBase"]
[SourceDate "2018.10.10"]
[SourceVersion "1"]
[SourceVersionDate "2018.10.10"]
[SourceQuality "1"]

1. e4 c5 2. Nf3 d6 3. d3 Nc6 4. g3 g6 5. Bg2 Bg7 6. 0-0 Nf6 7. Re1 0-0 8. Nbd2 Bg4 9. c3 Qc7 10. h3 Bd7 11. Nf1 Ne8 12. g4 h6 13. N1h2 Rd8 14. Be3 f5 15. Nh4 fxg4 16. Nxg4 g5 17. Nf3 Qc8 18. Nfh2 Nf6 19. f4 Nxg4 20. Nxg4 gxf4 21. Bd2 e5 22. Bf3 Kh7 23. Kh2 Rf7 24. Rg1 Rg8 25. Qe2 Bf8 26. Rg2 Be7 27. Rag1 Rfg7 28. Be1 Qd8 29. Kh1 Bh4 30. Bd2 Bg3 31. Rxg3 fxg3 32. Bxh6 Rxg4 33. Bxg4 Bxg4 34. hxg4 Qh4+ 35. Kg2 Qh2+ 36. Kf3 Qxg1 37. g5 Qf2+ 38. Qxf2 gxf2 39. Kxf2 Kg6 40. Kf3 Nd8 0-1